000 00754nam a22002537a 4500
008 151210b xxu||||| |||| 00| 0 eng d
020 _a9780072480665
020 _a0072480661 (alk. paper)
041 0 _aeng
080 _a54
100 1 _aSawyer, Clair N.
245 1 0 _aChemistry for environmental engineering and science /
_cClair N. Sawyer, Perry L. McCarty, Gene F. Parkin.
250 _a5th ed.
260 _aBoston :
_bMcGraw-Hill,
_cc2003.
300 _axvi, 752 f. :
_bme il.;
_c24 cm.
490 4 _aThe McGraw-Hill series in civil and environmental engineering
650 0 _aKimia
650 0 _aMjedisi
650 0 _aInxhinieri
650 0 _aShkencë
700 1 _aMcCarty, Perry L.
700 1 _aParkin, Gene F.
942 _2udc
_cBK
999 _c1400
_d1400